<?xml version="1.0" encoding="UTF-8"?>
<marc:record xmlns:marc="http://www.loc.gov/MARC21/slim">
   <marc:leader>00000nam a2200000 a 4500</marc:leader>
   <marc:datafield ind1=" " ind2=" " tag="653">
      <marc:subfield code="a">Kobold</marc:subfield>
   </marc:datafield>
   <marc:datafield ind1=" " ind2=" " tag="653">
      <marc:subfield code="a">Tonie</marc:subfield>
   </marc:datafield>
   <marc:datafield ind1=" " ind2=" " tag="653">
      <marc:subfield code="a">Pumuckl</marc:subfield>
   </marc:datafield>
   <marc:datafield ind1="0" ind2="0" tag="245">
      <marc:subfield code="a">Spuk in der Werkstatt</marc:subfield>
   </marc:datafield>
   <marc:datafield ind1="0" ind2="0" tag="245">
      <marc:subfield code="b">Das verkaufte Bett</marc:subfield>
   </marc:datafield>
   <marc:datafield ind1=" " ind2="1" tag="264">
      <marc:subfield code="a">[Düsseldorf]</marc:subfield>
      <marc:subfield code="b">tonies</marc:subfield>
      <marc:subfield code="c">2020</marc:subfield>
   </marc:datafield>
   <marc:datafield ind1="1" ind2=" " tag="490">
      <marc:subfield code="a">Meister Eder und sein Pumuckl</marc:subfield>
   </marc:datafield>
   <marc:datafield ind1="1" ind2=" " tag="520">
      <marc:subfield code="a">Klabautermäßiger Hör-Spiel-Spaß für Klein und Groß&#xD;
&#xD;
Flausen im Kopf, rote Haare und ein freches Lachen: Pumuckl ist immer noch genauso lustig wie bei seinem ersten Auftritt vor mehr als 60 Jahren. Damals schlich er sich in das Herz der Kinder – und ging nie wieder.&#xD;
&#xD;
Die ersten zwei Geschichten mit den wunderbaren Stimmen von Hans Clarin als Pumuckl und Gustl Bayrhammer als Meister Eder ziehen auf diesem Tonie ins Kinderzimmer ein.&#xD;
&#xD;
Spuk in der Werkstatt&#xD;
&#xD;
Der Pumuckl klebt bei Meister Eder am Leimtopf fest. Und nach einem alten Kobold-Gesetz muss er für immer bei dem bleiben, der ihn einmal gesehen&#xD;
hat. Dem Meister Eder fällt es nicht leicht, sich an einen Kobold zu gewöhnen. Auch für den Pumuckl ist es neu, für jemanden sichtbar zu sein. Doch dann merkt der Pumuckl, dass er trotzdem reichlich Schabernack treiben kann.&#xD;
&#xD;
Das verkaufte Bett&#xD;
&#xD;
Beim Frühstück stellen Meister Eder und der Pumuckl fest, dass Teller, Tasse und überhaupt alles für den kleinen Kobold viel zu groß ist. Deshalb bastelt der Schreinermeister als Erstes ein Holzbettchen für seinen Freund. Aber eine Kundin überredet ihn, es ihr zu verkaufen. Darüber wird der Pumuckl furchtbar wütend und beschließt, sich an ihr zu rächen.</marc:subfield>
   </marc:datafield>
   <marc:datafield ind1="3" ind2=" " tag="024">
      <marc:subfield code="a">4251192113023</marc:subfield>
   </marc:datafield>
   <marc:datafield ind1=" " ind2=" " tag="041">
      <marc:subfield code="a">ger</marc:subfield>
   </marc:datafield>
   <marc:datafield ind1=" " ind2=" " tag="300">
      <marc:subfield code="a">49 min</marc:subfield>
   </marc:datafield>
</marc:record>
